| 000 | 00665nam a2200145 a 4500 | ||
|---|---|---|---|
| 008 | 120416s1981 ||||||||||||||||| || u | ||
| 050 | _aTH 1000 Rus | ||
| 100 | _aRussell, Barry | ||
| 245 | 1 | 0 | _aBuilding systems, industrialization and architecture |
| 260 |
_aLondon _bJohn Wiley and Sons _c1981 |
||
| 300 | _axii, 758p. : ill. | ||
| 350 | _a0.00 | ||
| 995 |
_aANNEX COLLECTION (Main Library) _D0.00 _e708656 _FCBU-MAIN LIBRARY (Kitwe) _H1 _I37.00 _jTH 1000 Rus _M1 _UAVAILABLE _y014891 _ZAnnex Low-Usage Collection |
||
| 995 |
_aANNEX COLLECTION (Main Library) _D0.00 _e708655 _FCBU-MAIN LIBRARY (Kitwe) _H2 _I37.00 _jTH 1000 Rus _M2 _UAVAILABLE _y014892 _ZAnnex Low-Usage Collection |
||
| 999 |
_c78949 _d78949 |
||